| 000 | 00652nam a2200229Ia 4500 | ||
|---|---|---|---|
| 003 | OSt | ||
| 005 | 20221005133710.0 | ||
| 006 | a|||||r|||| 00| 0 | ||
| 007 | ta | ||
| 008 | 221004b |||||||| |||| 00| 0 pan d | ||
| 024 | _a63297 | ||
| 037 | _cTextual | ||
| 040 |
_aCRL _cCRL _bpan |
||
| 041 |
_2pan _apan |
||
| 082 | _aO153,3:g, M4 | ||
| 100 | _aਖ਼ਰੈ੍ਵਕ, ਗੁਰਬ॥F ਸਿੰਘ | ||
| 245 | 0 | _aਸੰਬਾਦ-1 1984 | |
| 260 | _c1984 | ||
| 650 | _aਪੰਜਾਬੀ ਸਾਹਿਤ | ||
| 942 |
_hO153,3:g, M4 _cTEXL _2cc |
||
| 999 |
_c1067604 _d1067604 |
||